• 首页
  • 本馆介绍
  • 公告通知
  • 最新文献
  • 馆藏检索
  • 电子资源
  • 读者导购
  • 参考咨询
  • 我的图书馆
  • 登录
  • 详细信息显示
  • 放入我的书架
  • 预约/预借图书
  • 作者相关作品
  • 分类相关作品
  • 丛书相关作品
  • 出版社相关作品

书目信息

  • 表格格式
  • 工作单格式
  • 卡片格式
题名:
行素斋杂记
    
 
作者: 继昌 著
分册:  
出版信息: 上海   上海书店  1984.7
页数: 页
开本: 20cm
丛书名:
单 册:
中图分类: K249.06
科图分类:
主题词: 中国--历史
电子资源:
ISBN:
000 00530nam0 2200193 45
001 0312221749
005 20031222171227.0
010    @dCNY0.72
100    @a20031222d1984 km y0chiy0120 ea
101    @achi
105    @a z 000yy
200 1  @a行素斋杂记@AXing Su Zhai Za Ji@f(清)继昌著@F(Qing)Ji Chang Zhu@e清代历史资料丛刊
210    @a上海@c上海书店@d1984.7
215    @a页@d20cm
606 0  @a中国@x历史
690    @aK249.06@v3
701 0  @a继昌@4著
801    @aCN@bTSTCL@c20031222
905    @a213230@dK249.06@e17:1@b123262@f1
    
    行素斋杂记/(清)继昌著:清代历史资料丛刊.-上海:上海书店,1984.7
    页;20cm
    
    
    ISBN :CNY0.72
    
●
相关链接 在E读中查询图书 在五车中查询图书 在当当中查询图书 在豆瓣中查询图书


正题名:行素斋杂记     索取号:K249.06/17:1         预约/预借

序号 登录号 条形码 馆藏地/架位号 状态 备注
1 0123262   000581392   第二样本阅览室/ [索取号:K249.06/17:1] 在馆    
唐山师范学院图书馆 欢迎您!
大连网信软件有限公司© 版权所有